[Event "San Sebastian Mendez Memorial 1st"]
[Site "San Sebastian del Pepino"]
[Date "2014.01.19"]
[Round "4"]
[White "Freyre Forest, Jorge"]
[Black "Sieiro Gonzalez, Luis"]
[Result "0-1"]
[WhiteElo "2126"]
[BlackElo "2323"]
[PlyCount "122"]
[EventDate "2014.01.17"]
[EventType "swiss"]
[EventRounds "7"]
[EventCountry "PUR"]
[SourceTitle "CBM 158 Extra"]
[Source "ChessBase"]
[SourceDate "2014.02.28"]
[SourceVersion "1"]
[SourceVersionDate "2014.02.28"]
[SourceQuality "1"]

1. Nf3 d5 2. d4 Nf6 3. g3 c6 4. Bg2 Bf5 5. c4 e6 6. Nc3 h6 7. 0-0 Be7 8. Qb3 Qb6 9. c5 Qa6 10. Qa4 b6 11. b4 bxc5 12. bxc5 Qxa4 13. Nxa4 Nbd7 14. Nd2 0-0 15. Ba3 e5 16. e3 exd4 17. exd4 Ne8 18. Rac1 Bf6 19. Nb3 Rc8 20. Rfd1 Nc7 21. Bf1 Ne6 22. Bb2 Rb8 23. Bc3 Ng5 24. Bg2 Bd8 25. f3 Ne6 26. Bf1 Re8 27. Kf2 g5 28. Bd3 Bxd3 29. Rxd3 Kg7 30. Re3 h5 31. Rce1 Nf6 32. Nd2 Bc7 33. R1e2 h4 34. Nb2 hxg3+ 35. hxg3 Ba5 36. Bxa5 Rxb2 37. Nb3 Rxe2+ 38. Rxe2 g4 39. f4 Ne4+ 40. Kg2 Kg6 41. Be1 Ng7 42. Na5 Re6 43. Bf2 Nf5 44. Nb3 Kf6 45. Be1 Ke7 46. Bf2 Kd7 47. Re1 Rh6 48. Rb1 Nxf2 49. Kxf2 Rh2+ 50. Kg1 Rxa2 51. Nc1 Ra3 52. Ne2 Nxg3 53. Nxg3 Rxg3+ 54. Kh2 Rf3 55. Rb7+ Ke6 56. Rc7 Rxf4 57. Rxc6+ Kf5 58. Rd6 Rxd4 59. c6 Ke5 60. Rd7 f5 61. c7 Rc4 0-1

[Event "San Sebastian Mendez Memorial 1st"]
[Site "San Sebastian del Pepino"]
[Date "2014.01.19"]
[Round "5"]
[White "Leon Hoyos, Manuel"]
[Black "Sieiro Gonzalez, Luis"]
[Result "1/2-1/2"]
[WhiteElo "2528"]
[BlackElo "2323"]
[PlyCount "102"]
[EventDate "2014.01.17"]
[EventType "swiss"]
[EventRounds "7"]
[EventCountry "PUR"]
[SourceTitle "CBM 158 Extra"]
[Source "ChessBase"]
[SourceDate "2014.02.28"]
[SourceVersion "1"]
[SourceVersionDate "2014.02.28"]
[SourceQuality "1"]

1. c4 e6 2. g3 d5 3. Nf3 Nf6 4. Bg2 Be7 5. 0-0 0-0 6. b3 c5 7. Bb2 b6 8. e3 Bb7 9. Nc3 Nbd7 10. Qe2 Qc7 11. Rac1 dxc4 12. bxc4 Rad8 13. d3 Bxf3 14. Bxf3 Ne5 15. Rfd1 Nxf3+ 16. Qxf3 Rd7 17. Nb5 Qb7 18. Qxb7 Rxb7 19. a4 Rd8 20. Kf1 Nd7 21. Ra1 a6 22. Nc3 Ne5 23. Ke2 Rbd7 24. Nd5 exd5 25. Bxe5 f6 26. Bc3 dxc4 27. dxc4 Rxd1 28. Rxd1 Rxd1 29. Kxd1 Kf7 30. g4 g6 31. Ke2 Ke6 32. Kf3 Bd8 33. h3 Bc7 34. Ke4 Bd8 35. Ba1 Bc7 36. Bb2 Bd8 37. f4 f5+ 38. gxf5+ gxf5+ 39. Kf3 b5 40. axb5 axb5 41. cxb5 Kd5 42. e4+ fxe4+ 43. Ke3 Bb6 44. f5 c4+ 45. Ke2 Ba5 46. f6 c3 47. Bc1 Ke6 48. Ke3 Kxf6 49. Kxe4 Kg6 50. Kf4 Kh5 51. Kg3 Bc7+ 1/2-1/2

[Event "Asuncion-B 2nd"]
[Site "Asuncion"]
[Date "2009.07.05"]
[Round "8"]
[White "Espinoza Palomino, Willyam"]
[Black "Sieiro Gonzalez, Luis"]
[Result "1/2-1/2"]
[WhiteElo "2281"]
[BlackElo "2361"]
[PlyCount "52"]
[EventDate "2009.06.28"]
[EventType "tourn"]
[EventRounds "9"]
[EventCountry "PAR"]
[EventCategory "1"]
[SourceTitle "CBM 131 Extra"]
[Source "ChessBase"]
[SourceDate "2009.09.03"]
[SourceVersion "2"]
[SourceVersionDate "2009.09.16"]
[SourceQuality "1"]

1. e4 e6 2. d4 d5 3. Nc3 Bb4 4. e5 c5 5. a3 Ba5 6. b4 cxd4 7. Nb5 Bc7 8. f4 Bd7 9. Nxc7+ Qxc7 10. Nf3 Ba4 11. Bd3 Qc3+ 12. Bd2 Qxd3 13. cxd3 Bxd1 14. Kxd1 Ne7 15. Nxd4 Kd7 16. Rc1 Nbc6 17. Nb3 b6 18. b5 Nd8 19. Ke2 h5 20. Rc2 Nb7 21. Rhc1 Rhc8 22. Rxc8 Rxc8 23. Rxc8 Kxc8 24. Nd4 Nd8 25. h3 Nf5 26. Nf3 Kd7 1/2-1/2

[Event "Asuncion-B 2nd"]
[Site "Asuncion"]
[Date "2009.07.03"]
[Round "6"]
[White "Kropff, Ricardo"]
[Black "Sieiro Gonzalez, Luis"]
[Result "1/2-1/2"]
[WhiteElo "2298"]
[BlackElo "2361"]
[PlyCount "52"]
[EventDate "2009.06.28"]
[EventType "tourn"]
[EventRounds "9"]
[EventCountry "PAR"]
[EventCategory "1"]
[SourceTitle "CBM 131 Extra"]
[Source "ChessBase"]
[SourceDate "2009.09.03"]
[SourceVersion "2"]
[SourceVersionDate "2009.09.16"]
[SourceQuality "1"]

1. c4 e6 2. Nf3 d5 3. b3 Nf6 4. g3 Be7 5. Bg2 0-0 6. 0-0 c5 7. e3 Nc6 8. Qe2 b6 9. Bb2 Bb7 10. Nc3 a6 11. cxd5 exd5 12. Rad1 d4 13. exd4 cxd4 14. Ne4 d3 15. Qe3 Nb4 16. Ne1 Re8 17. Qg5 Bxe4 18. Bxe4 h6 19. Qf5 Nxe4 20. Qxe4 Bc5 21. Qg4 Qg5 22. Qxg5 hxg5 23. a3 Nc2 24. Nxc2 dxc2 25. Rc1 Rad8 26. d4 Bxd4 1/2-1/2

[Event "Asuncion-B 2nd"]
[Site "Asuncion"]
[Date "2009.07.02"]
[Round "5"]
[White "Sieiro Gonzalez, Luis"]
[Black "Gattass, Allan Arriada"]
[Result "0-1"]
[WhiteElo "2361"]
[BlackElo "2221"]
[PlyCount "80"]
[EventDate "2009.06.28"]
[EventType "tourn"]
[EventRounds "9"]
[EventCountry "PAR"]
[EventCategory "1"]
[SourceTitle "CBM 131 Extra"]
[Source "ChessBase"]
[SourceDate "2009.09.03"]
[SourceVersion "2"]
[SourceVersionDate "2009.09.16"]
[SourceQuality "1"]

1. e4 c5 2. Nf3 d6 3. c3 Nf6 4. Be2 Nc6 5. d4 g6 6. d5 Nb8 7. 0-0 Nbd7 8. Qc2 Bg7 9. c4 0-0 10. Nc3 a6 11. h3 Ne5 12. Ne1 e6 13. f4 Ned7 14. Nf3 exd5 15. cxd5 b5 16. a4 b4 17. Nd1 Re8 18. Nf2 b3 19. Qb1 Nxd5 20. Bc4 Nb4 21. Ra3 d5 22. Bxb3 c4 23. Bd1 Nc5 24. Bd2 a5 25. exd5 Bf5 26. Qc1 Qxd5 27. Ne5 Ncd3 28. Nfxd3 Nxd3 29. Bf3 Qd4+ 30. Be3 Bxe5 31. fxe5 Qxe5 32. Rxd3 Bxd3 33. Rf2 Rab8 34. Bd2 Qxb2 35. Qxb2 Rxb2 36. Bxa5 Rb1+ 37. Kh2 Be4 38. Bxe4 Rxe4 39. Bc3 Rb3 40. Rc2 f5 0-1

[Event "Asuncion-B 2nd"]
[Site "Asuncion"]
[Date "2009.06.29"]
[Round "2"]
[White "Valiente, Cristobal"]
[Black "Sieiro Gonzalez, Luis"]
[Result "1/2-1/2"]
[WhiteElo "2234"]
[BlackElo "2361"]
[PlyCount "59"]
[EventDate "2009.06.28"]
[EventType "tourn"]
[EventRounds "9"]
[EventCountry "PAR"]
[EventCategory "1"]
[SourceTitle "CBM 131 Extra"]
[Source "ChessBase"]
[SourceDate "2009.09.03"]
[SourceVersion "2"]
[SourceVersionDate "2009.09.16"]
[SourceQuality "1"]

1. Nf3 d5 2. g3 Nf6 3. Bg2 c6 4. 0-0 Bf5 5. d3 h6 6. Nbd2 e6 7. Qe1 Be7 8. e4 Bh7 9. b3 0-0 10. Qe2 c5 11. Bb2 Nc6 12. Ne5 Nxe5 13. Bxe5 Nd7 14. Bb2 Bf6 15. e5 Be7 16. f4 b5 17. g4 c4 18. Bd4 cxd3 19. cxd3 Bc5 20. Bxc5 Nxc5 21. f5 Qb6 22. Kh1 Nd7 23. Rf4 Rac8 24. Nf3 Rc3 25. Rd1 Rfc8 26. Nd4 Rc1 27. Rxc1 Rxc1+ 28. Bf1 a6 29. Qe3 Ra1 30. Rf2 1/2-1/2

[Event "Balaguer op 10th"]
[Site "Balaguer"]
[Date "2005.07.26"]
[Round "9"]
[White "Guetas Sanchez, Hugo"]
[Black "Sieiro Gonzalez, Luis"]
[Result "0-1"]
[WhiteElo "2062"]
[BlackElo "2392"]
[PlyCount "76"]
[EventDate "2005.07.18"]
[EventType "swiss"]
[EventRounds "9"]
[EventCountry "ESP"]
[SourceTitle "CBM 107 Extra"]
[Source "ChessBase"]
[SourceDate "2005.09.01"]
[SourceVersion "1"]
[SourceVersionDate "2005.09.01"]
[SourceQuality "1"]

1. e4 e6 2. d3 d5 3. Nd2 Nf6 4. Ngf3 b6 5. g3 Bb7 6. Qe2 dxe4 7. dxe4 Ba6 8. c4 Nc6 9. Bg2 e5 10. 0-0 Bc5 11. a3 Nd4 12. Nxd4 Bxd4 13. Ra2 0-0 14. b4 c5 15. b5 Bb7 16. Kh1 Qe7 17. f4 Rfe8 18. f5 Red8 19. g4 Ne8 20. Nf3 Nd6 21. Ng5 h6 22. f6 gxf6 23. Nh3 Kg7 24. Qe1 Rh8 25. Qh4 Nxc4 26. Qg3 Rag8 27. Re2 Nd6 28. Qh4 Qe6 29. a4 Ne8 30. Rf5 Kf8 31. Bxh6+ Ke7 32. g5 fxg5 33. Bxg5+ f6 34. Bh6 Rg6 35. Rh5 Rg4 36. Qe1 Qf7 37. Rh4 Rxh4 38. Qxh4 Qg6 0-1

[Event "Balaguer op 10th"]
[Site "Balaguer"]
[Date "2005.07.22"]
[Round "5"]
[White "Sieiro Gonzalez, Luis"]
[Black "Garcia Vicente, Nieves"]
[Result "1-0"]
[WhiteElo "2392"]
[BlackElo "2198"]
[PlyCount "71"]
[EventDate "2005.07.18"]
[EventType "swiss"]
[EventRounds "9"]
[EventCountry "ESP"]
[SourceTitle "CBM 107 Extra"]
[Source "ChessBase"]
[SourceDate "2005.09.01"]
[SourceVersion "1"]
[SourceVersionDate "2005.09.01"]
[SourceQuality "1"]

1. d4 d5 2. Nf3 e6 3. e3 Nf6 4. Bd3 c5 5. c3 Nc6 6. 0-0 Be7 7. Nbd2 0-0 8. dxc5 Bxc5 9. e4 e5 10. Qe2 Be6 11. b4 Bd6 12. a3 h6 13. c4 dxe4 14. Nxe4 Nxe4 15. Bxe4 f5 16. Bxc6 bxc6 17. c5 Bc7 18. Nxe5 Bd5 19. Bb2 Bxe5 20. Bxe5 Re8 21. f4 Re6 22. Rad1 Rg6 23. Rf2 Qh4 24. b5 Re8 25. b6 Qe7 26. Qc2 axb6 27. cxb6 Qxa3 28. b7 Qa7 29. Rxd5 cxd5 30. Qc8 Rge6 31. Qxe6+ Rxe6 32. b8Q+ Qxb8 33. Bxb8 Re4 34. Rd2 Rb4 35. Be5 Rb5 36. Rb2 1-0

[Event "CUB-ch GpA"]
[Site "Santa Clara"]
[Date "2005.04.15"]
[Round "8"]
[White "Martinez Duany, Lelys Stanley"]
[Black "Sieiro Gonzalez, Luis"]
[Result "0-1"]
[WhiteElo "2377"]
[BlackElo "2395"]
[PlyCount "86"]
[EventDate "2005.04.07"]
[EventType "tourn"]
[EventRounds "9"]
[EventCountry "CUB"]
[EventCategory "8"]
[SourceTitle "CBM 105 Extra"]
[Source "ChessBase"]
[SourceDate "2005.05.01"]
[SourceVersion "1"]
[SourceVersionDate "2005.05.01"]
[SourceQuality "1"]

1. e4 e6 2. d4 d5 3. Nc3 Nf6 4. e5 Nfd7 5. f4 c5 6. Nf3 Nc6 7. Be3 a6 8. Qd2 b5 9. g3 b4 10. Ne2 a5 11. Bh3 g6 12. 0-0 Ba6 13. Rf2 Bxe2 14. Qxe2 cxd4 15. Nxd4 Nxd4 16. Bxd4 Bc5 17. Rd1 Qb6 18. Qe3 Bxd4 19. Qxd4 Qxd4 20. Rxd4 Ke7 21. Kf1 Nc5 22. Ke1 Rab8 23. Kd1 Rhc8 24. Bg2 Rc7 25. g4 Nd7 26. Re2 Rbc8 27. Bf1 Rc4 28. Rxc4 Rxc4 29. Rf2 Rd4+ 30. Bd3 g5 31. Ke2 Rxf4 32. Rxf4 gxf4 33. Bxh7 Nxe5 34. h3 Ng6 35. Kd3 e5 36. c3 e4+ 37. Kd4 f3 38. Ke3 bxc3 39. bxc3 Kf6 40. a4 Kg7 41. Bxg6 fxg6 42. h4 Kf6 43. Kf2 Ke6 0-1

[Event "CUB-ch GpA"]
[Site "Santa Clara"]
[Date "2005.04.10"]
[Round "4"]
[White "Quesada Perez, Yuniesky"]
[Black "Sieiro Gonzalez, Luis"]
[Result "1-0"]
[WhiteElo "2502"]
[BlackElo "2395"]
[PlyCount "95"]
[EventDate "2005.04.07"]
[EventType "tourn"]
[EventRounds "9"]
[EventCountry "CUB"]
[EventCategory "8"]
[SourceTitle "CBM 105 Extra"]
[Source "ChessBase"]
[SourceDate "2005.05.01"]
[SourceVersion "1"]
[SourceVersionDate "2005.05.01"]
[SourceQuality "1"]

1. e4 e6 2. d4 d5 3. Nc3 Nf6 4. e5 Nfd7 5. f4 c5 6. Nf3 Nc6 7. Be3 a6 8. Qd2 b5 9. a3 Qa5 10. Rd1 b4 11. axb4 Qxb4 12. b3 Bb7 13. Ra1 cxd4 14. Nxd4 Nxd4 15. Bxd4 Bc5 16. Ne2 Qb6 17. g3 0-0 18. Bg2 a5 19. 0-0 Ba6 20. Rf2 Bxe2 21. Bxc5 Nxc5 22. Qxe2 a4 23. bxa4 Rxa4 24. Rxa4 Nxa4 25. h4 Rc8 26. Kh2 g6 27. h5 Qd4 28. Qa6 Rb8 29. Rf3 gxh5 30. f5 Nb6 31. Rb3 h4 32. Qa7 Qxe5 33. f6 h3 34. Rxb6 Rf8 35. Bxh3 Qe2+ 36. Bg2 Qh5+ 37. Kg1 Qd1+ 38. Bf1 Qd4+ 39. Kh1 Qf2 40. Bg2 Qxg3 41. Qa1 Qf2 42. Qe5 Qxc2 43. Rb3 Kh8 44. Rg3 Qc1+ 45. Kh2 Qh6+ 46. Bh3 Rg8 47. Rxg8+ Kxg8 48. Qg3+ 1-0

[Event "Moncada Cup 2nd"]
[Site "Santiago de Cuba"]
[Date "2004.??.??"]
[Round "?"]
[White "Martinez Duany, Lelys Stanley"]
[Black "Sieiro Gonzalez, Luis"]
[Result "1/2-1/2"]
[WhiteElo "2373"]
[BlackElo "2388"]
[PlyCount "87"]
[EventDate "2004.06.04"]
[EventType "tourn"]
[EventRounds "13"]
[EventCountry "CUB"]
[EventCategory "6"]
[SourceTitle "CBM 100 Extra"]
[Source "ChessBase"]
[SourceDate "2004.07.06"]
[SourceVersion "2"]
[SourceVersionDate "2004.07.06"]
[SourceQuality "1"]

1. e4 e6 2. d4 d5 3. Nc3 Nf6 4. e5 Nfd7 5. f4 c5 6. Nf3 Nc6 7. Be3 cxd4 8. Nxd4 Bc5 9. Qd2 0-0 10. 0-0-0 a6 11. h4 Nxd4 12. Bxd4 Qc7 13. h5 b5 14. Qf2 b4 15. Na4 Bxd4 16. Qxd4 Qa5 17. b3 Bb7 18. f5 Bc6 19. f6 gxf6 20. exf6 Kh8 21. Bd3 Rg8 22. Qf4 Bxa4 23. bxa4 Qxa4 24. Qh6 Nf8 25. Kb1 b3 26. axb3 Qg4 27. Rde1 a5 28. Ka2 a4 29. b4 a3 30. Qe3 Qxb4 31. Rb1 Qc3 32. Rb3 Qxf6 33. Rf1 Qg5 34. Qd4+ Qg7 35. Qxg7+ Rxg7 36. h6 Rxg2 37. Rxf7 Rh2 38. Rf6 Nd7 39. Rf7 Nc5 40. Rxh7+ Kg8 41. Bg6 Nxb3 42. Rg7+ Kh8 43. Rh7+ Kg8 44. Rg7+ 1/2-1/2

[Event "Moncada Cup 2nd"]
[Site "Santiago de Cuba"]
[Date "2004.??.??"]
[Round "?"]
[White "Sieiro Gonzalez, Luis"]
[Black "Hernandez Carmenates, Holden"]
[Result "1/2-1/2"]
[WhiteElo "2388"]
[BlackElo "2426"]
[PlyCount "31"]
[EventDate "2004.06.04"]
[EventType "tourn"]
[EventRounds "13"]
[EventCountry "CUB"]
[EventCategory "6"]
[SourceTitle "CBM 100 Extra"]
[Source "ChessBase"]
[SourceDate "2004.07.06"]
[SourceVersion "2"]
[SourceVersionDate "2004.07.06"]
[SourceQuality "1"]

1. e4 c5 2. Nf3 Nc6 3. d4 cxd4 4. Nxd4 Nf6 5. Nc3 e5 6. Ndb5 d6 7. Bg5 a6 8. Na3 b5 9. Bxf6 gxf6 10. Nd5 Bg7 11. Bd3 Ne7 12. Nxe7 Qxe7 13. c4 f5 14. 0-0 0-0 15. Qh5 Rb8 16. exf5 1/2-1/2

[Event "Moncada Cup 2nd"]
[Site "Santiago de Cuba"]
[Date "2004.??.??"]
[Round "?"]
[White "Sieiro Gonzalez, Luis"]
[Black "Otero Acosta, Diasmany"]
[Result "1/2-1/2"]
[WhiteElo "2388"]
[BlackElo "2399"]
[PlyCount "28"]
[EventDate "2004.06.04"]
[EventType "tourn"]
[EventRounds "13"]
[EventCountry "CUB"]
[EventCategory "6"]
[SourceTitle "CBM 100 Extra"]
[Source "ChessBase"]
[SourceDate "2004.07.06"]
[SourceVersion "2"]
[SourceVersionDate "2004.07.06"]
[SourceQuality "1"]

1. e4 e5 2. Nf3 Nc6 3. Bb5 a6 4. Ba4 Nf6 5. 0-0 Be7 6. Re1 b5 7. Bb3 d6 8. c3 0-0 9. h3 Nb8 10. d4 Nbd7 11. Nbd2 Bb7 12. Bc2 Re8 13. Nf1 Bf8 14. Ng3 g6 1/2-1/2

[Event "CRI-ch"]
[Site "Antiguo"]
[Date "1999.08.10"]
[Round "9"]
[White "Minero Pineda, Sergio"]
[Black "Sieiro Gonzalez, Luis"]
[Result "1/2-1/2"]
[WhiteElo "2382"]
[BlackElo "2402"]
[PlyCount "49"]
[EventDate "1999.07.31"]
[EventType "tourn"]
[EventRounds "13"]
[EventCountry "CRI"]
[EventCategory "2"]
[SourceTitle "EXT 2000"]
[Source "ChessBase"]
[SourceDate "1999.11.16"]
[SourceVersion "1"]
[SourceVersionDate "1999.11.16"]
[SourceQuality "1"]

1. d4 d5 2. c4 c6 3. Nf3 Nf6 4. Nc3 dxc4 5. a4 Bf5 6. e3 e6 7. Bxc4 Bb4 8. 0-0 0-0 9. Qe2 Ne4 10. Bd3 Bxc3 11. bxc3 Nxc3 12. Qc2 Bxd3 13. Qxd3 Nd5 14. Rb1 b5 15. Ba3 Re8 16. Rfc1 a5 17. Ne5 Qc7 18. e4 Nb4 19. Bxb4 axb4 20. Rxb4 c5 21. Qxb5 Nc6 22. Qb6 Qxb6 23. Rxb6 Nxe5 24. dxe5 Rxa4 25. Rc6 1/2-1/2

[Event "CRI-ch"]
[Site "Antiguo"]
[Date "1999.08.05"]
[Round "5"]
[White "Valdes Romero, Leonardo"]
[Black "Sieiro Gonzalez, Luis"]
[Result "1/2-1/2"]
[WhiteElo "2263"]
[BlackElo "2402"]
[PlyCount "220"]
[EventDate "1999.07.31"]
[EventType "tourn"]
[EventRounds "13"]
[EventCountry "CRI"]
[EventCategory "2"]
[SourceTitle "EXT 2000"]
[Source "ChessBase"]
[SourceDate "1999.11.16"]
[SourceVersion "1"]
[SourceVersionDate "1999.11.16"]
[SourceQuality "1"]

1. Nf3 d5 2. c4 c6 3. b3 Bg4 4. Ne5 Bf5 5. cxd5 cxd5 6. e3 a6 7. Qf3 e6 8. g4 Bg6 9. Bd3 Qf6 10. Qxf6 Nxf6 11. Be2 Nfd7 12. Nxg6 hxg6 13. Bb2 Nc6 14. d3 Rc8 15. Na3 g5 16. Rc1 f6 17. Nc2 Kf7 18. Nd4 Nxd4 19. Rxc8 Bb4+ 20. Kd1 Rxc8 21. Bxd4 Ba3 22. Kd2 Nb8 23. Bc3 Nc6 24. b4 Nxb4 25. Rb1 Nxa2 26. Rxb7+ Kf8 27. Bb2 Bd6 28. d4 a5 29. Ra7 Rb8 30. Bc3 Nxc3 31. Kxc3 Bb4+ 32. Kc2 Be1 33. f4 gxf4 34. exf4 Rb4 35. Ra8+ Ke7 36. Ra7+ Kd8 37. Bd3 Rxd4 38. f5 e5 39. Rxg7 e4 40. Bb5 Bb4 41. h4 Rd2+ 42. Kb3 Be7 43. g5 fxg5 44. hxg5 Rf2 45. f6 Rf3+ 46. Kc2 Bxf6 47. gxf6 Rxf6 48. Rd7+ Kc8 49. Rxd5 Kc7 50. Re5 Kd6 51. Rxe4 Re6 52. Rh4 Re5 53. Bd3 Kc5 54. Kc3 Rg5 55. Rh8 Re5 56. Ra8 Kd6 57. Ra6+ Ke7 58. Kd4 Rg5 59. Be4 Rh5 60. Bd5 Rh4+ 61. Kc5 a4 62. Bc4 Rh3 63. Rxa4 Kf6 64. Ra6+ Ke5 65. Re6+ Kf4 66. Kd4 Rh4 67. Bd3 Kg5+ 68. Ke5 Kg4 69. Be4 Kg3 70. Rf6 Rh5+ 71. Kd4 Rg5 72. Ke3 Rg7 73. Rf1 Rg5 74. Rh1 Kg4 75. Ra1 Kg3 76. Rb1 Kg4 77. Rb7 Kg3 78. Rb1 Kg4 79. Bd3 Re5+ 80. Kd4 Rg5 81. Ke4 Kg3 82. Be2 Kf2 83. Bf3 Rg1 84. Rb8 Kg3 85. Ke3 Re1+ 86. Be2 Rg1 87. Rb7 Kh4 88. Kf2 Rg8 89. Rb5 Rf8+ 90. Bf3 Rh8 91. Ke3 Re8+ 92. Be4 Kg4 93. Rb1 Kg5 94. Rg1+ Kf6 95. Kf4 Ke6 96. Rg6+ Ke7 97. Ra6 Kd8 98. Ra8+ Ke7 99. Ra1 Kd6 100. Rc1 Rf8+ 101. Bf5 Rb8 102. Rd1+ Kc5 103. Ke5 Rb2 104. Be4 Rb4 105. Bd5 Rb2 106. Rc1+ Kb4 107. Rc8 Re2+ 108. Be4 Rd2 109. Rb8+ Kc3 110. Rc8+ Kb4 1/2-1/2

[Event "Ciego de Avila Jimenez Memorial 4th"]
[Site "Ciego de Avila"]
[Date "1998.11.??"]
[Round "4"]
[White "Sieiro Gonzalez, Luis"]
[Black "Araque, Rafael"]
[Result "1-0"]
[WhiteElo "2435"]
[BlackElo "2325"]
[PlyCount "43"]
[EventDate "1998.11.01"]
[EventType "tourn"]
[EventRounds "11"]
[EventCountry "CUB"]
[SourceTitle "EXT 2024"]
[Source "ChessBase"]
[SourceDate "2023.10.10"]
[SourceVersion "1"]
[SourceVersionDate "2023.10.10"]
[SourceQuality "1"]

1. e4 g6 2. d4 Bg7 3. Nf3 d6 4. Nc3 a6 5. Be3 b5 6. Bd3 Bb7 7. e5 e6 8. Ne4 Bxe4 9. Bxe4 d5 10. Bd3 Nd7 11. h4 c5 12. c3 Ne7 13. h5 Qa5 14. Kf1 Qc7 15. Ng5 Nf5 16. Bxf5 cxd4 17. cxd4 gxf5 18. h6 Bf8 19. Qh5 Nb6 20. Nxe6 Qc4+ 21. Kg1 Rc8 22. Ng7+ 1-0

[Event "Ciego de Avila Jimenez Memorial 4th"]
[Site "Ciego de Avila"]
[Date "1998.11.??"]
[Round "6"]
[White "Sieiro Gonzalez, Luis"]
[Black "Morales, John"]
[Result "1/2-1/2"]
[WhiteElo "2435"]
[BlackElo "2315"]
[PlyCount "90"]
[EventDate "1998.11.01"]
[EventType "tourn"]
[EventRounds "11"]
[EventCountry "CUB"]
[SourceTitle "EXT 2024"]
[Source "ChessBase"]
[SourceDate "2023.10.10"]
[SourceVersion "1"]
[SourceVersionDate "2023.10.10"]
[SourceQuality "1"]

1. e4 c5 2. Nf3 d6 3. c3 Nf6 4. Be2 g6 5. 0-0 Bg7 6. Re1 0-0 7. Bf1 Nc6 8. h3 e5 9. d4 cxd4 10. cxd4 exd4 11. Nxd4 Re8 12. Nxc6 bxc6 13. Nc3 d5 14. exd5 Rxe1 15. Qxe1 Nxd5 16. Bd2 Bd7 17. Rc1 h6 18. b3 Qf8 19. Nxd5 cxd5 20. Bb4 Qd8 21. Qd2 Be6 22. Bc5 Qf6 23. Rd1 h5 24. Bd4 Qxd4 25. Qxd4 Bxd4 26. Rxd4 Rc8 27. Rd2 Rc3 28. f4 Kf8 29. f5 gxf5 30. Be2 h4 31. Bf3 f4 32. Rd4 Rc2 33. Rxf4 Rxa2 34. Rxh4 Rb2 35. Ra4 Rxb3 36. Rxa7 Bxh3 37. Bxd5 Rb1+ 38. Kh2 Be6 39. Bxe6 fxe6 40. Kh3 Rb5 41. g4 Rg5 42. Kh4 Rg7 43. Ra2 Kf7 44. g5 Rh7+ 45. Kg4 Rh1 1/2-1/2

[Event "Guillermo Garcia Memorial-B 06th"]
[Site "Santa Clara"]
[Date "1998.06.02"]
[Round "8"]
[White "Leyva Proenza, Ricardo"]
[Black "Sieiro Gonzalez, Luis"]
[Result "1/2-1/2"]
[WhiteElo "2250"]
[BlackElo "2390"]
[PlyCount "105"]
[EventDate "1998.05.24"]
[EventType "tourn"]
[EventRounds "13"]
[EventCountry "CUB"]
[EventCategory "4"]
[SourceTitle "EXT 1999"]
[Source "ChessBase"]
[SourceDate "1998.11.16"]
[SourceVersion "1"]
[SourceVersionDate "1998.11.16"]
[SourceQuality "1"]

1. e4 e6 2. d4 d5 3. Nc3 Nf6 4. Bg5 dxe4 5. Nxe4 Nbd7 6. Nf3 Be7 7. Nxf6+ Bxf6 8. h4 c5 9. Qd2 cxd4 10. 0-0-0 0-0 11. Nxd4 h6 12. Be3 Nb6 13. Kb1 Nd5 14. Bc4 Nxe3 15. Qxe3 Qb6 16. c3 Bd7 17. Qe4 Bc6 18. Nxc6 bxc6 19. Qe3 Qxe3 20. fxe3 Rfd8 21. h5 Bg5 22. e4 Kf8 23. Kc2 Ke7 24. Rd4 Be3 25. Rdd1 Bb6 26. Ba6 Rxd1 27. Rxd1 Rd8 28. Rxd8 Bxd8 29. Bb7 Kd6 30. Kd3 Bf6 31. b4 g6 32. hxg6 fxg6 33. Bc8 h5 34. c4 g5 35. c5+ Ke7 36. a4 h4 37. b5 cxb5 38. axb5 g4 39. Ke2 Bd4 40. c6 Bb6 41. Kf1 Kd6 42. Bd7 g3 43. Bc8 e5 44. Ke2 Kc5 45. Ba6 Kd4 46. Kf3 Bd8 47. Bc8 Kc4 48. Ba6 Kd4 49. Bc8 Kc4 50. Ba6 Kc3 51. Kg4 Kd4 52. Kf3 Bc7 53. Bc8 1/2-1/2

[Event "Guillermo Garcia Memorial-B 06th"]
[Site "Santa Clara"]
[Date "1998.05.25"]
[Round "2"]
[White "Alvarez del Monte, Jose Luis"]
[Black "Sieiro Gonzalez, Luis"]
[Result "1/2-1/2"]
[WhiteElo "2395"]
[BlackElo "2390"]
[PlyCount "24"]
[EventDate "1998.05.24"]
[EventType "tourn"]
[EventRounds "13"]
[EventCountry "CUB"]
[EventCategory "4"]
[SourceTitle "EXT 1999"]
[Source "ChessBase"]
[SourceDate "1998.11.16"]
[SourceVersion "1"]
[SourceVersionDate "1998.11.16"]
[SourceQuality "1"]

1. Nf3 d5 2. g3 g6 3. Bg2 Bg7 4. 0-0 e6 5. d3 Ne7 6. Nbd2 c5 7. e4 Nbc6 8. Re1 b6 9. h4 h6 10. e5 Qc7 11. Qe2 Bb7 12. Nf1 0-0-0 1/2-1/2

[Event "Capablanca Memorial Masters I"]
[Site "Havana"]
[Date "1998.??.??"]
[Round "9"]
[White "Bruzon Batista, Lazaro"]
[Black "Sieiro Gonzalez, Luis"]
[Result "1/2-1/2"]
[WhiteElo "2365"]
[BlackElo "2390"]
[PlyCount "28"]
[EventDate "1998.05.??"]
[EventType "tourn"]
[EventRounds "13"]
[EventCountry "CUB"]
[EventCategory "5"]
[SourceTitle "EXT 1999"]
[Source "ChessBase"]
[SourceDate "1998.11.16"]
[SourceVersion "1"]
[SourceVersionDate "1998.11.16"]
[SourceQuality "1"]

1. e4 e6 2. d4 d5 3. Nc3 Nf6 4. Bg5 dxe4 5. Nxe4 Nbd7 6. Nf3 Be7 7. Nxf6+ Bxf6 8. Qd2 Bxg5 9. Nxg5 Nf6 10. Be2 0-0 11. 0-0-0 b6 12. Bf3 Rb8 13. Kb1 Bb7 14. Rhe1 Qd6 1/2-1/2

[Event "Capablanca Memorial Masters I"]
[Site "Havana"]
[Date "1998.??.??"]
[Round "13"]
[White "De la Paz Perdomo, Frank"]
[Black "Sieiro Gonzalez, Luis"]
[Result "1/2-1/2"]
[WhiteElo "2325"]
[BlackElo "2390"]
[PlyCount "20"]
[EventDate "1998.05.??"]
[EventType "tourn"]
[EventRounds "13"]
[EventCountry "CUB"]
[EventCategory "5"]
[SourceTitle "EXT 1999"]
[Source "ChessBase"]
[SourceDate "1998.11.16"]
[SourceVersion "1"]
[SourceVersionDate "1998.11.16"]
[SourceQuality "1"]

1. e4 c5 2. Nf3 e6 3. d4 cxd4 4. Nxd4 Nc6 5. Be3 Nf6 6. Bd3 a6 7. 0-0 Qc7 8. Nc3 Ne5 9. h3 Bc5 10. Kh1 d6 1/2-1/2